000 00572nam a2200181Ia 4500
003 GCL
008 140319s9999 xx 000 0 ara d
040 _aGCL /
_cGCL
082 0 4 _a811.1
_bع أ
100 1 _aعبدالعزيز نبوى
245 1 0 _aالمرأة فى شعر الأعشى دراسة تحليلية /
_cعبدالعزيز نبوى
260 _a[S.N] :
_bدار الصدر ،
_c1987
300 _a109 ص
490 _a
650 0 4 _aالشعر
650 0 4 _aالشعر العربى - تاريخ ونقد - العصر الجاهلى
942 _2ddc
_cBK
999 _c37972
_d37972